000 00950nam a2200229 a 4500
001 000010726
005 20200929162300.0
008 091009s1976 dr ac 000 0 spa d
040 _aDO-SdBNP
_bspa
_cBNPHU
082 _a618.9209752
_bM539d
100 1 _aMendoza, Hugo R.
_d1930-
_925939
245 1 3 _aLa cara en el diagnóstico pediátrico /
_cHugo R. Mendoza.
260 _aSanto Domingo :
_bUASD; Cultural Dominicana,
_c1976.
300 _a128 p. :
_bil., retrs. ;
_c25 cm.
490 1 _aPublicaciones de la Universidad Autónoma de Santo Domingo
_v198.
_aCiencia y tecnología
_v3.
500 _aIncluye datos biográficos del autor en la contracubierta
504 _aBibliografía: p. 20 -25
590 _aInventariado,2018/DG
650 4 _aEnfermedades en niños
_xDiagnóstico
_925940
830 0 _aPublicaciones de la Universidad Autónoma de Santo Domingo
_v198
_pCiencia y tecnología
_n3
_925941
910 _aValidado. Control de calidad MFF
999 _c10481
_d10481